SEPRA

-д хадгалсан:
Номзүйн дэлгэрэнгүй
Үндсэн зохиолч: Ortiz, Federico F. (autor)
Формат: Ном
Хэл сонгох:испани
Хэвлэсэн: Buenos Aires Instituto de Arte Americano e Investigaciones Estéticas 1964
Цуврал:Arquitectos Americanos Contemporáneos, 9
Нөхцлүүд:
Шошгууд: Шошго нэмэх
Шошго байхгүй, Энэхүү баримтыг шошголох эхний хүн болох!

MARC

LEADER 00000nam a2200000 a 4500
001 UCY1091
003 CL-VaPUC
008 940820e19640000AG |||||||||||||||||spa|d
082 0 4 |a 720.92  |b ORT  |2 21 
100 |a Ortiz, Federico F.  |e autor  |9 328967 
245 1 0 |a SEPRA 
300 |a 65 p 
942 |c BK 
945 |d 19940820 00:00:00  |a oaravena 
260 |a Buenos Aires  |b Instituto de Arte Americano e Investigaciones Estéticas  |c 1964 
650 0 |a Arquitectura   |v Obras ilustradas   |9 328968 
651 0 |a Argentina  |9 254888 
583 |a last modification  |c 20180314 14:49:12  |k Rodrigo Vera 
490 0 |a Arquitectos Americanos Contemporáneos, 9 
999 |c 229893  |d 229891 
952 |0 0  |1 0  |4 0  |6 720_920000000000000_ORT_1964  |7 0  |8 P  |9 231606  |a BIBARQ  |b BIBARQ  |d 2019-11-15  |i 2950960  |o 720.92 ORT 1964  |p 2950960  |r 2025-01-20  |w 2019-11-15  |y BK  |k ARQ